| 000 | 00642cam a2200241 a 4500 | ||
|---|---|---|---|
| 008 | |||
| 020 | _a9781444117950 (pbk.) | ||
| 049 | _aMAIN | ||
| 090 |
_aRF46 _bCOR |
||
| 100 | 1 | _aCorbridge, Rogan J. | |
| 245 | 1 | 0 |
_aEssential ENT / _cRogan J. Corbridge. |
| 250 | _a2nd ed. | ||
| 260 |
_aLondon : _bHodder Arnold, _c2011. |
||
| 300 |
_a194 p. : _bill. ; _c25 cm. |
||
| 500 | _alncludes index. | ||
| 650 | 0 | _aOtolaryngology. | |
| 700 | 1 | _aCorbridge, Rogan J. | |
| 907 |
_a.b10320635 _b18-10-12 _c12-10-12 |
||
| 003 | |||
| 005 | 20230120204114.0 | ||
| 040 | _cNUST | ||
| 942 |
_cBOOKS _kRF46 _mCOR |
||
| 999 |
_c117215 _d117215 |
||